[Event "Verbandsliga Nordbaden 1819"]
[Site "Baden"]
[Date "2019.03.31"]
[Round "8.2"]
[White "Jansen, Andreas"]
[Black "Dudek, Richard"]
[Result "1/2-1/2"]
[WhiteElo "2206"]
[BlackElo "2240"]
[PlyCount "87"]
[EventDate "2018.10.14"]
[EventType "team-tourn"]
[EventRounds "9"]
[EventCountry "GER"]
[SourceTitle "EXT 2020"]
[Source "ChessBase"]
[SourceDate "2019.10.17"]
[SourceVersion "1"]
[SourceVersionDate "2019.10.17"]
[SourceQuality "1"]
[WhiteTeam "Sandhausen"]
[BlackTeam "Eppingen II"]
[WhiteTeamCountry "GER"]
[BlackTeamCountry "GER"]

1. e4 c6 2. d4 d5 3. Nd2 dxe4 4. Nxe4 Nd7 5. Nf3 Ngf6 6. Nxf6+ Nxf6 7. Bd3 Bg4 8. c3 e6 9. h3 Bh5 10. g4 Bg6 11. Ne5 Qd5 12. 0-0 Bd6 13. f4 Bxe5 14. fxe5 Bxd3 15. Qxd3 Nd7 16. Qf3 0-0 17. Qxd5 exd5 18. Bg5 Rae8 19. Rf5 c5 20. dxc5 Rxe5 21. Rd1 Rxf5 22. gxf5 Nxc5 23. Rxd5 Rc8 24. Be3 Na4 25. Bxa7 b6 26. Rd4 Nxb2 27. Bxb6 f6 28. Rd8+ Rxd8 29. Bxd8 Kf7 30. Kf2 Nd1+ 31. Kf3 Nxc3 32. a3 g6 33. Ba5 Nb5 34. a4 Nd4+ 35. Ke4 Nxf5 36. Bc7 Ke6 37. a5 Nd6+ 38. Kf4 Kd7 39. Bb8 Kc6 40. Ba7 h5 41. h4 Nf5 42. Bf2 Kb5 43. Be1 Ne7 44. Bd2 1/2-1/2

[Event "Verbandsliga Nordbaden 1819"]
[Site "Baden"]
[Date "2019.02.17"]
[Round "6.2"]
[White "Dudek, Richard"]
[Black "Hartmann, Martin"]
[Result "1-0"]
[WhiteElo "2240"]
[BlackElo "2140"]
[PlyCount "115"]
[EventDate "2018.10.14"]
[EventType "team-tourn"]
[EventRounds "9"]
[EventCountry "GER"]
[SourceTitle "EXT 2020"]
[Source "ChessBase"]
[SourceDate "2019.10.17"]
[SourceVersion "1"]
[SourceVersionDate "2019.10.17"]
[SourceQuality "1"]
[WhiteTeam "Eppingen II"]
[BlackTeam "Pforzheim"]
[WhiteTeamCountry "GER"]
[BlackTeamCountry "GER"]

1. e4 e5 2. Nf3 Nc6 3. Bb5 a6 4. Ba4 Nf6 5. 0-0 Be7 6. Re1 b5 7. Bb3 0-0 8. h3 Bb7 9. c3 d5 10. d4 Nxe4 11. dxe5 Bc5 12. Be3 Bxe3 13. Rxe3 Na5 14. Nbd2 Nxb3 15. axb3 Re8 16. b4 Qc8 17. Nb3 Rb8 18. Qd4 Qf5 19. Rae1 Ba8 20. Qa7 Qc8 21. Nfd4 Rb6 22. f3 Ng3 23. Nc5 h5 24. e6 f6 25. Kf2 h4 26. e7 Kf7 27. Nce6 Bb7 28. Nd8+ Kg8 29. Re6 Rxe6 30. N4xe6 Ba8 31. Qxc7 Ne4+ 32. fxe4 Qxc7 33. Nxc7 Rxe7 34. Nxa8 Re8 35. Nc7 Rxd8 36. exd5 Rd7 37. Nxa6 Rxd5 38. Nc7 Rf5+ 39. Kg1 Kf7 40. Re6 g5 41. Rb6 Re5 42. Kf2 Rf5+ 43. Kg1 Re5 44. Rxb5 Re2 45. Rf5 Rxb2 46. Nd5 Ke6 47. Ne3 Rb3 48. Rc5 Rb1+ 49. Kf2 Rb2+ 50. Kf3 Rb3 51. Ke4 Rb2 52. b5 Kd7 53. c4 Rb3 54. Rf5 Ke6 55. Nd5 Rb2 56. Rxf6+ Kd7 57. b6 Kc8 58. c5 1-0

[Event "Verbandsliga Nordbaden 1819"]
[Site "Baden"]
[Date "2018.12.02"]
[Round "3.1"]
[White "Dudek, Richard"]
[Black "Rosner, Jonas"]
[Result "1/2-1/2"]
[WhiteElo "2240"]
[BlackElo "2424"]
[PlyCount "110"]
[EventDate "2018.10.14"]
[EventType "team-tourn"]
[EventRounds "9"]
[EventCountry "GER"]
[SourceTitle "EXT 2020"]
[Source "ChessBase"]
[SourceDate "2019.10.17"]
[SourceVersion "1"]
[SourceVersionDate "2019.10.17"]
[SourceQuality "1"]
[WhiteTeam "Eppingen II"]
[BlackTeam "Ettlingen"]
[WhiteTeamCountry "GER"]
[BlackTeamCountry "GER"]

1. e4 c6 2. d4 d5 3. exd5 cxd5 4. Bd3 Nc6 5. c3 Qc7 6. h3 Nf6 7. Nf3 g6 8. 0-0 Bf5 9. Bxf5 gxf5 10. Na3 a6 11. c4 Rd8 12. Qd3 e6 13. Bg5 Bg7 14. c5 0-0 15. Nc2 Kh8 16. b4 Rg8 17. a4 h6 18. Bh4 Ne7 19. Ne5 Ng6 20. Qg3 Kh7 21. Nxg6 Qxg3 22. Bxg3 Kxg6 23. f3 Nh5 24. Bd6 Bf8 25. Bxf8 Rdxf8 26. Kf2 Kf6 27. Rfb1 Ra8 28. Ne1 Nf4 29. Ra2 Ke7 30. Ke3 Ng6 31. Nd3 Kd7 32. Rbb2 Kc7 33. b5 axb5 34. axb5 f6 35. Nf4 Nxf4 36. Kxf4 h5 37. g4 hxg4 38. hxg4 fxg4 39. fxg4 e5+ 40. dxe5 fxe5+ 41. Kxe5 Rae8+ 42. Kf5 Ref8+ 43. Ke5 Re8+ 44. Kf5 Ref8+ 45. Ke6 Rxg4 46. Rg2 Re8+ 47. Kxd5 Rd8+ 48. Ke5 Re8+ 49. Kf5 Rc4 50. Rac2 Rxc2 51. Rxc2 Re1 52. Rh2 Rc1 53. Rh7+ Kb8 54. Rh8+ Kc7 55. Rh7+ Kb8 1/2-1/2

[Event "Verbandsliga Nordbaden 1819"]
[Site "Baden"]
[Date "2018.11.04"]
[Round "2.3"]
[White "Pfleger, Michael"]
[Black "Dudek, Richard"]
[Result "1-0"]
[WhiteElo "2212"]
[BlackElo "2240"]
[PlyCount "43"]
[EventDate "2018.10.14"]
[EventType "team-tourn"]
[EventRounds "9"]
[EventCountry "GER"]
[SourceTitle "EXT 2020"]
[Source "ChessBase"]
[SourceDate "2019.10.17"]
[SourceVersion "1"]
[SourceVersionDate "2019.10.17"]
[SourceQuality "1"]
[WhiteTeam "Bad Mergentheim II"]
[BlackTeam "Eppingen II"]
[WhiteTeamCountry "GER"]
[BlackTeamCountry "GER"]

1. e4 c6 2. d4 d5 3. Bd3 dxe4 4. Bxe4 Nf6 5. Bf3 Bf5 6. Nc3 e6 7. g4 Bg6 8. h4 h5 9. g5 Nd5 10. Nge2 Nxc3 11. bxc3 Qa5 12. Bd2 Qa4 13. Nf4 Bxc2 14. Qe2 g6 15. 0-0 Bf5 16. Be4 Qa6 17. c4 Bxe4 18. Qxe4 Qxc4 19. Rfc1 Qb5 20. Nxe6 fxe6 21. Qxe6+ Be7 22. Re1 1-0

[Event "Stuttgart-chA int"]
[Site "Ditzingen"]
[Date "2018.05.12"]
[Round "6"]
[White "Turov, Maxim"]
[Black "Dudek, Richard"]
[Result "1-0"]
[WhiteElo "2602"]
[BlackElo "2231"]
[PlyCount "39"]
[EventDate "2018.05.10"]
[EventType "swiss"]
[EventRounds "7"]
[EventCountry "GER"]
[SourceTitle "EXT 2020"]
[Source "ChessBase"]
[SourceDate "2019.10.17"]
[SourceVersion "1"]
[SourceVersionDate "2019.10.17"]
[SourceQuality "1"]

1. Nf3 Nf6 2. g3 b6 3. Bg2 Bb7 4. 0-0 e6 5. d3 d5 6. Nbd2 Be7 7. e4 0-0 8. e5 Nfd7 9. Re1 c5 10. h4 Nc6 11. Nf1 Re8 12. N1h2 f5 13. exf6 Bxf6 14. Ng4 e5 15. c4 e4 16. dxe4 dxe4 17. Ng5 Bd4 18. Bxe4 Nf6 19. Nxf6+ gxf6 20. Bd5+ 1-0

[Event "GER CupT Baden Seniors final"]
[Site "Baden"]
[Date "2017.06.25"]
[Round "4.1"]
[White "Kiefer, Gerhard"]
[Black "Dudek, Richard"]
[Result "1-0"]
[WhiteElo "2259"]
[BlackElo "2227"]
[PlyCount "115"]
[EventDate "2017.06.24"]
[EventType "team-tourn"]
[EventRounds "2"]
[EventCountry "GER"]
[SourceTitle "EXT 2022"]
[Source "ChessBase"]
[SourceDate "2021.10.06"]
[SourceVersion "1"]
[SourceVersionDate "2021.10.06"]
[SourceQuality "1"]
[WhiteTeam "Emmendingen/Endingen"]
[BlackTeam "Eppingen"]
[WhiteTeamCountry "GER"]
[BlackTeamCountry "GER"]

1. e4 c6 2. d4 d5 3. Nc3 g6 4. h3 dxe4 5. Nxe4 Bg7 6. Nf3 Nd7 7. Bc4 h6 8. 0-0 Ngf6 9. Nxf6+ Nxf6 10. Re1 0-0 11. Ne5 e6 12. c3 Qb6 13. Bb3 Nd7 14. Nxf7 Rxf7 15. Rxe6 Kh7 16. Rxg6 Rf6 17. Rxf6 Nxf6 18. Qd3+ Kh8 19. Qg6 Qd8 20. Bxh6 Qf8 21. Bxg7+ Qxg7 22. Qxg7+ Kxg7 23. Re1 Kf8 24. g4 a5 25. a3 a4 26. Ba2 Ra5 27. Re5 Ra6 28. c4 Rb6 29. Re2 c5 30. dxc5 Rc6 31. f4 Nd7 32. f5 Nxc5 33. Bb1 Rd6 34. Be4 Rd4 35. Bd5 b5 36. Rc2 Bd7 37. Kf2 Ke7 38. Ke3 Rd3+ 39. Kf4 Kd6 40. h4 Rd4+ 41. Kg5 bxc4 42. Bg2 Nd3 43. Bf1 Bc6 44. Be2 Ke7 45. h5 Kf7 46. h6 Ne5 47. Rc3 Be4 48. Re3 Nd3 49. Bf3 Bxf3 50. Rxf3 Nxb2 51. h7 Rd8 52. Rh3 Rh8 53. Rc3 Rxh7 54. Rc2 Rh3 55. Rxb2 Rb3 56. Rh2 c3 57. Rh7+ Kg8 58. Rc7 1-0

[Event "Verbandsliga Nordbaden 1617"]
[Site "Baden"]
[Date "2016.12.11"]
[Round "4.2"]
[White "Dudek, Richard"]
[Black "Podat, Vladimir"]
[Result "1/2-1/2"]
[WhiteElo "2227"]
[BlackElo "2339"]
[PlyCount "109"]
[EventDate "2016.10.09"]
[EventType "team-tourn"]
[EventRounds "9"]
[EventCountry "GER"]
[SourceTitle "EXT 2022"]
[Source "ChessBase"]
[SourceDate "2021.10.06"]
[SourceVersion "1"]
[SourceVersionDate "2021.10.06"]
[SourceQuality "1"]
[WhiteTeam "Eppingen II"]
[BlackTeam "Heidelberg"]
[WhiteTeamCountry "GER"]
[BlackTeamCountry "GER"]

1. e4 e5 2. Nf3 Nc6 3. Bb5 Nge7 4. 0-0 g6 5. d4 exd4 6. Nxd4 Bg7 7. Be3 0-0 8. Nc3 a6 9. Bc4 Na5 10. Be2 b5 11. a4 b4 12. Na2 d6 13. c3 c5 14. Nb3 bxc3 15. Nxc3 Nxb3 16. Qxb3 Be6 17. Qc2 Qb8 18. a5 Nc6 19. Na4 Bb3 20. Qd2 Bxa4 21. Rxa4 Qb3 22. Bd1 Qe6 23. Be2 Nb4 24. Rd1 Rad8 25. Rxb4 cxb4 26. Qxb4 d5 27. Bb6 Rd7 28. Bxa6 dxe4 29. Re1 e3 30. fxe3 Be5 31. b3 Bd6 32. Qc4 Qe5 33. g3 Bc7 34. Bb5 Bxb6 35. Bxd7 Bxa5 36. b4 Bb6 37. Qb3 Rd8 38. Bc6 Rd2 39. Bg2 Kg7 40. Kh1 Qf6 41. Rf1 Rf2 42. Rxf2 Qxf2 43. Qc3+ Kh6 44. Qc1 Bxe3 45. Qf1 Qa2 46. b5 Qa7 47. Be4 f5 48. Bc6 Qd4 49. Qb1 f4 50. gxf4 Qxf4 51. Bg2 Bb6 52. Qf1 Qd6 53. Qc1+ Kg7 54. Qa1+ Bd4 55. Qd1 1/2-1/2

[Event "Stuttgart-chA int"]
[Site "Ditzingen"]
[Date "2016.05.06"]
[Round "3"]
[White "Gabriel, Josef"]
[Black "Dudek, Richard"]
[Result "1/2-1/2"]
[WhiteElo "2073"]
[BlackElo "2230"]
[PlyCount "78"]
[EventDate "2016.05.05"]
[EventType "swiss"]
[EventRounds "7"]
[EventCountry "GER"]
[SourceTitle "EXT 2018"]
[Source "ChessBase"]
[SourceDate "2017.10.13"]
[SourceVersion "1"]
[SourceVersionDate "2017.10.13"]
[SourceQuality "1"]

1. e4 c6 2. d4 d5 3. Nc3 dxe4 4. Nxe4 Nd7 5. Nf3 Ngf6 6. Ng3 e6 7. Be2 Bd6 8. 0-0 0-0 9. Re1 Qc7 10. c4 b6 11. b3 Bb7 12. Bb2 c5 13. Qc2 Rfd8 14. Rad1 a5 15. Ng5 h6 16. Nf3 a4 17. Bc3 axb3 18. axb3 Bf4 19. Qb2 Bxg3 20. hxg3 Ne4 21. Bd3 Nxc3 22. Qxc3 Nf6 23. dxc5 bxc5 24. Bb1 Rxd1 25. Rxd1 Rd8 26. Rxd8+ Qxd8 27. Qd2 Qxd2 28. Nxd2 Kf8 29. f3 Ke7 30. Kf2 Kd6 31. Ke3 Ke5 32. g4 g5 33. Bd3 Nd7 34. Be4 Bxe4 35. Nxe4 f5 36. Nf2 Nf6 37. gxf5 exf5 38. g4 fxg4 39. fxg4 Nd7 1/2-1/2

[Event "Oberliga Baden 1415"]
[Site "Baden"]
[Date "2015.03.15"]
[Round "8.2"]
[White "Cvitan, Ognjen"]
[Black "Dudek, Richard"]
[Result "1/2-1/2"]
[WhiteElo "2509"]
[BlackElo "2241"]
[PlyCount "125"]
[EventDate "2014.09.21"]
[EventType "team-tourn"]
[EventRounds "9"]
[EventCountry "GER"]
[SourceTitle "EXT 2016"]
[Source "ChessBase"]
[SourceDate "2015.10.08"]
[SourceVersion "1"]
[SourceVersionDate "2015.10.08"]
[SourceQuality "1"]
[WhiteTeam "Emmendingen"]
[BlackTeam "Eppingen II"]
[WhiteTeamCountry "GER"]
[BlackTeamCountry "GER"]

1. d4 Nf6 2. c4 e6 3. Nc3 Bb4 4. e3 0-0 5. Bd3 c5 6. Nf3 d5 7. 0-0 Nc6 8. cxd5 exd5 9. dxc5 Bxc5 10. h3 a6 11. b3 d4 12. exd4 Nxd4 13. Bb2 Bf5 14. Nxd4 Bxd3 15. Qxd3 Qxd4 16. Qf3 Qb4 17. Na4 Be7 18. Rfe1 Rfe8 19. Bc3 Qb5 20. Re5 Qc6 21. Qxc6 bxc6 22. Rc1 Nd5 23. Bd2 Rac8 24. Kf1 Kf8 25. Rc2 Bd6 26. Rh5 h6 27. Rh4 Ke7 28. Nc5 Bxc5 29. Rxc5 Kd7 30. Ra5 Ra8 31. Rha4 Nc7 32. h4 f6 33. h5 Re6 34. g3 Rd6 35. Bf4 Rd5 36. Bxc7 Kxc7 37. Rxd5 cxd5 38. Rg4 Rg8 39. Ke2 Re8+ 40. Kd3 Re7 41. Ra4 Kb6 42. Rb4+ Kc7 43. Rg4 Kc6 44. a3 Rb7 45. Kc3 Re7 46. b4 Kd6 47. a4 Rc7+ 48. Kd3 Rb7 49. Rd4 Ke5 50. f4+ Kd6 51. Kc3 Rc7+ 52. Kd2 Re7 53. Rd3 Re4 54. Kc3 Rc4+ 55. Kb3 Rc1 56. Kb2 Rc4 57. Kb3 Rc1 58. Rc3 Rb1+ 59. Ka3 d4 60. Rc8 Kd5 61. Rd8+ Kc4 62. Rc8+ Kd5 63. Rd8+ 1/2-1/2

[Event "Oberliga Baden 1415"]
[Site "Baden"]
[Date "2015.02.22"]
[Round "7.2"]
[White "Dudek, Richard"]
[Black "Riff, Jean Noel"]
[Result "0-1"]
[WhiteElo "2244"]
[BlackElo "2507"]
[PlyCount "44"]
[EventDate "2014.09.21"]
[EventType "team-tourn"]
[EventRounds "9"]
[EventCountry "GER"]
[SourceTitle "EXT 2016"]
[Source "ChessBase"]
[SourceDate "2015.10.08"]
[SourceVersion "1"]
[SourceVersionDate "2015.10.08"]
[SourceQuality "1"]
[WhiteTeam "Eppingen II"]
[BlackTeam "Baden-Baden III"]
[WhiteTeamCountry "GER"]
[BlackTeamCountry "GER"]

1. e4 e6 2. d4 d5 3. Nd2 Be7 4. Ngf3 Nf6 5. Bd3 c5 6. exd5 Qxd5 7. dxc5 Qxc5 8. Qe2 Nbd7 9. 0-0 Qc7 10. Nb3 a6 11. Bg5 0-0 12. c3 b6 13. Nbd4 Bd6 14. Bh4 Bb7 15. Rfe1 e5 16. Bxf6 Nxf6 17. Nxe5 Rae8 18. f4 Nd5 19. Qg4 Nxf4 20. Qxf4 Bxe5 21. Qg4 Bxh2+ 22. Kh1 Qg3 0-1

[Event "Oberliga Baden 1415"]
[Site "Baden"]
[Date "2014.12.07"]
[Round "4.3"]
[White "Zeier, Klaus"]
[Black "Dudek, Richard"]
[Result "1/2-1/2"]
[WhiteElo "2242"]
[BlackElo "2242"]
[PlyCount "192"]
[EventDate "2014.09.21"]
[EventType "team-tourn"]
[EventRounds "9"]
[EventCountry "GER"]
[SourceTitle "EXT 2016"]
[Source "ChessBase"]
[SourceDate "2015.10.08"]
[SourceVersion "1"]
[SourceVersionDate "2015.10.08"]
[SourceQuality "1"]
[WhiteTeam "Ettlingen"]
[BlackTeam "Eppingen II"]
[WhiteTeamCountry "GER"]
[BlackTeamCountry "GER"]

1. e4 c6 2. d4 d5 3. f3 e6 4. Nc3 Nf6 5. e5 Nfd7 6. f4 c5 7. Nf3 Nc6 8. Be3 Qb6 9. Na4 Qa5+ 10. c3 cxd4 11. b4 Qc7 12. Nxd4 Nxd4 13. Bxd4 a6 14. Bd3 b5 15. Nb2 Be7 16. a4 bxa4 17. 0-0 0-0 18. Nxa4 g6 19. Qe2 Bb7 20. Qe3 Bc6 21. Rf3 Bb5 22. f5 exf5 23. Qh6 Rfe8 24. Rh3 Nf8 25. Nb6 Rad8 26. e6 f6 27. Bxb5 axb5 28. Nd7 Rxd7 29. exd7 Qxd7 30. Ra7 Qd8 31. Re3 Nd7 32. Qf4 Bf8 33. Rb7 Ne5 34. Bxe5 fxe5 35. Qf1 d4 36. cxd4 Qxd4 37. Qd3 Rd8 38. Qb3+ Qc4 39. Qxc4+ bxc4 40. Rxe5 c3 41. Re2 Rd4 42. Rc7 Rxb4 43. Rxc3 Rb7 44. Re8 Kf7 45. Rec8 Bd6 46. h3 Be5 47. Rd3 Bf6 48. Kf2 h5 49. Rc6 Be5 50. Rd5 Bb8 51. Ke2 h4 52. Kd3 Bg3 53. Ra5 Rd7+ 54. Kc4 Bd6 55. Raa6 Ke6 56. Ra8 g5 57. Re8+ Kf7 58. Rh8 Bf8 59. Rh5 Be7 60. Rh7+ Kg8 61. Rhh6 Kf7 62. Ra6 g4 63. Rh5 gxh3 64. Rxf5+ Kg7 65. gxh3 Bd8 66. Rf3 Bg5 67. Rf1 Be7 68. Ra2 Bf6 69. Rf3 Be5 70. Ra5 Bg3 71. Rg5+ Kh6 72. Rg8 Rd1 73. Rf5 Rh1 74. Ra8 Kg6 75. Rb5 Rc1+ 76. Kd5 Rd1+ 77. Ke6 Re1+ 78. Kd7 Be5 79. Ra4 Bf6 80. Rg4+ Kf7 81. Rh5 Rd1+ 82. Kc6 Rd3 83. Rh7+ Ke6 84. Rh6 Rc3+ 85. Kb5 Kf5 86. Rh5+ Ke6 87. Rh6 Kf5 88. Rg8 Bg5 89. Rd6 Bf4 90. Rd5+ Ke4 91. Rd1 Rxh3 92. Re1+ Re3 93. Rxe3+ Kxe3 94. Kc4 h3 95. Rh8 h2 96. Rxh2 Bxh2 1/2-1/2

[Event "Verbandsliga Nord Baden 1314"]
[Site "Germany"]
[Date "2014.02.16"]
[Round "6.3"]
[White "Pfleger, Michael"]
[Black "Dudek, Richard"]
[Result "0-1"]
[WhiteElo "2207"]
[BlackElo "2262"]
[PlyCount "154"]
[EventDate "2013.10.20"]
[EventType "team-tourn"]
[EventRounds "9"]
[EventCountry "GER"]
[SourceTitle "EXT 2015"]
[Source "ChessBase"]
[SourceDate "2014.11.20"]
[SourceVersion "1"]
[SourceVersionDate "2014.11.20"]
[SourceQuality "1"]
[WhiteTeam "Bad Mergentheim II"]
[BlackTeam "Eppingen II"]
[WhiteTeamCountry "GER"]
[BlackTeamCountry "GER"]

1. e4 c6 2. f4 d5 3. Nf3 dxe4 4. Ng5 Nf6 5. Bc4 e6 6. Nc3 Be7 7. a4 0-0 8. Qe2 Nbd7 9. a5 Nc5 10. b4 Na6 11. Bxa6 bxa6 12. Bb2 Rb8 13. Ncxe4 Rxb4 14. Bc3 Rb5 15. h4 Qd5 16. Nxf6+ Bxf6 17. Bxf6 gxf6 18. Ne4 Kh8 19. Nc3 Qd4 20. Qe3 Rb4 21. Qxd4 Rxd4 22. Ne2 Rd5 23. Nc3 Rd4 24. Ne2 Re4 25. Ra2 e5 26. d3 Rb4 27. Kd2 Rg8 28. Kc3 Rb5 29. Rh2 Be6 30. Ra4 h5 31. Kd2 Rb1 32. Ke3 Rb2 33. Kd2 Bd5 34. Kc1 Rbb8 35. g3 c5 36. Rf2 Be6 37. fxe5 fxe5 38. Re4 Bg4 39. Rxe5 Rge8 40. Rxe8+ Rxe8 41. Kd2 Kg7 42. Nc3 Re5 43. Rf4 Be6 44. Re4 Rf5 45. Ne2 c4 46. dxc4 Rxa5 47. Nd4 Bxc4 48. Re7 Kf6 49. Rc7 Bd5 50. Rxa7 Ke5 51. Ne2 Ra3 52. Nc3 Be6 53. Rc7 Kd4 54. Ne2+ Ke4 55. Rc5 Bg4 56. Nf4 f5 57. Rc4+ Kf3 58. Ne2 Kf2 59. Rf4+ Kg2 60. Ke1 Re3 61. Rf2+ Kh3 62. c4 a5 63. c5 Re5 64. c6 Rc5 65. c7 Rxc7 66. Nf4+ Kxg3 67. Nxh5+ Kxh4 68. Nf4 a4 69. Ra2 Rc4 70. Ng2+ Kg3 71. Kd2 f4 72. Kd3 Rb4 73. Ne1 f3 74. Nxf3 Kxf3 75. Kc3 Rb3+ 76. Kc2 Bf5+ 77. Kc1 a3 0-1

[Event "Verbandsliga Nord Baden 1314"]
[Site "Germany"]
[Date "2013.11.17"]
[Round "2.3"]
[White "Dudek, Richard"]
[Black "Bongartz, Philipp"]
[Result "1-0"]
[WhiteElo "2262"]
[BlackElo "2143"]
[PlyCount "83"]
[EventDate "2013.10.20"]
[EventType "team-tourn"]
[EventRounds "9"]
[EventCountry "GER"]
[SourceTitle "EXT 2015"]
[Source "ChessBase"]
[SourceDate "2014.11.20"]
[SourceVersion "1"]
[SourceVersionDate "2014.11.20"]
[SourceQuality "1"]
[WhiteTeam "Eppingen II"]
[BlackTeam "Leimen"]
[WhiteTeamCountry "GER"]
[BlackTeamCountry "GER"]

1. e4 c5 2. Nc3 e6 3. g3 Nc6 4. Bg2 Nf6 5. d3 Be7 6. f4 d5 7. e5 Nd7 8. Nf3 b5 9. a4 b4 10. Ne2 f6 11. exf6 Bxf6 12. 0-0 0-0 13. c3 Rb8 14. Be3 Ba6 15. Re1 bxc3 16. bxc3 Rb2 17. d4 Qa5 18. Rc1 Bc4 19. Bf2 Qa6 20. Nd2 Ba2 21. dxc5 Qd3 22. Nf3 Qxd1 23. Rcxd1 e5 24. fxe5 Ndxe5 25. Nxe5 Nxe5 26. Nf4 Ng4 27. Bd4 Bc4 28. Bxf6 Nxf6 29. Bh3 g5 30. Ne6 g4 31. Bg2 Rfb8 32. c6 Rc8 33. Rb1 Rxb1 34. Rxb1 Kf7 35. Nd4 Rc7 36. Rb7 Ne8 37. Nb5 Bxb5 38. Bxd5+ Ke7 39. axb5 Kd6 40. c4 Rxb7 41. cxb7 Kc7 42. Kf2 1-0

[Event "Verbandsliga Nord Baden 1213"]
[Site "Baden"]
[Date "2013.03.24"]
[Round "8.3"]
[White "Dudek, Richard"]
[Black "Gasthofer, Alexander"]
[Result "0-1"]
[WhiteElo "2262"]
[BlackElo "2441"]
[PlyCount "64"]
[EventDate "2012.10.21"]
[EventType "team-tourn"]
[EventRounds "9"]
[EventCountry "GER"]
[SourceTitle "EXT 2014"]
[Source "ChessBase"]
[SourceDate "2013.11.20"]
[SourceVersion "1"]
[SourceVersionDate "2013.11.20"]
[SourceQuality "1"]
[WhiteTeam "Eppingen II"]
[BlackTeam "Hockenheim II"]
[WhiteTeamCountry "GER"]
[BlackTeamCountry "GER"]

1. e4 c5 2. Nc3 e6 3. g3 d5 4. exd5 exd5 5. Bg2 Nf6 6. Nge2 d4 7. Ne4 Nxe4 8. Bxe4 Nd7 9. 0-0 Nf6 10. Bg2 Bd6 11. c3 0-0 12. cxd4 cxd4 13. d3 Re8 14. Nf4 Qb6 15. Qb3 Qxb3 16. axb3 Bb4 17. Nd5 Nxd5 18. Bxd5 Bh3 19. Rd1 Re2 20. Bf3 Rc2 21. Bxb7 Re8 22. Rxa7 Be1 23. Bd5 Bxf2+ 24. Kh1 Be6 25. Bxe6 fxe6 26. Bf4 e5 27. Rd2 Rxd2 28. Bxd2 Rc8 29. Bb4 Rc2 30. Bd6 e4 31. dxe4 d3 32. Ra1 Be3 0-1

[Event "Verbandsliga Nord Baden 1213"]
[Site "Baden"]
[Date "2013.01.27"]
[Round "5.3"]
[White "Dudek, Richard"]
[Black "Kiefhaber, Veronika"]
[Result "0-1"]
[WhiteElo "2262"]
[BlackElo "2229"]
[PlyCount "90"]
[EventDate "2012.10.21"]
[EventType "team-tourn"]
[EventRounds "9"]
[EventCountry "GER"]
[SourceTitle "EXT 2014"]
[Source "ChessBase"]
[SourceDate "2013.11.20"]
[SourceVersion "1"]
[SourceVersionDate "2013.11.20"]
[SourceQuality "1"]
[WhiteTeam "Eppingen II"]
[BlackTeam "Karlsruhe II"]
[WhiteTeamCountry "GER"]
[BlackTeamCountry "GER"]

1. e4 d6 2. d4 Nf6 3. Nc3 g6 4. f4 Bg7 5. Nf3 0-0 6. Bd3 Nc6 7. e5 dxe5 8. dxe5 Nd5 9. Nxd5 Qxd5 10. Qe2 Bg4 11. Be4 Qa5+ 12. Bd2 Qb6 13. Be3 Qb4+ 14. Bd2 Qb6 15. Qf2 Rad8 16. 0-0 Bxf3 17. Be3 Bxe4 18. Bxb6 axb6 19. Rad1 f6 20. Qe2 Bf5 21. g4 Bc8 22. exf6 Bxf6 23. c3 e5 24. Rxd8 Rxd8 25. Qc4+ Kh8 26. Qf7 Be7 27. h3 Rf8 28. Qc4 Bc5+ 29. Kg2 Kg7 30. fxe5 Rxf1 31. Kxf1 Nxe5 32. Qd5 Bd6 33. Ke2 g5 34. Qe4 h5 35. gxh5 Bxh3 36. h6+ Kxh6 37. Qh1 g4 38. Qc1+ Kg6 39. Qc2+ Kg5 40. Qh7 Ng6 41. Qg8 g3 42. Qd5+ Bf5 43. Kf1 Nf4 44. Qg8+ Bg6 45. b4 Kg4 0-1